000 00376nam a2200157Ia 4500
005 20250317174215.0
008 240331s9999 xx 000 0 und d
020 _a9789558354216
082 _bJAF
_a894
100 _aJafeer,A.M
245 0 _aVzhigal suwacshikum iravugal
260 _acolombo
_bGnanam pathippakam
_c2008
300 _a72 p .,
650 _apoems
942 _cL
999 _c4984
_d4984